Πολιτισμικός - βιομηχανικός τουρισμός

Αποθηκεύτηκε σε:
Λεπτομέρειες βιβλιογραφικής εγγραφής
Κύριος συγγραφέας: Μοίρα-Μυλωνοπούλου, Πολυξένη, 1960-
Μορφή: Βιβλίο
Γλώσσα:Greek
Δημοσίευση: Αθήνα : Ανοικτή Βιβλιοθήκη, c2011.
Θέματα:
Ετικέτες: Προσθήκη ετικέτας
Δεν υπάρχουν, Καταχωρήστε ετικέτα πρώτοι!

MARC

LEADER 00000cam a2200000 a 4500
001 1/123157
008 210607t2011####gr | | ||| |||| ||gre||
020 |a 9789602728604   |q (χαρτόδετο)  
040 |a GR-MyUa  |b gre  |c GR-MyUa  |e AACR2 
041 0 |a gre 
082 7 |a 338.4791   |2 (23)  
100 1 |a Μοίρα-Μυλωνοπούλου, Πολυξένη,   |d 1960- 
245 1 2 |a Πολιτισμικός - βιομηχανικός τουρισμός /   |c Πολυξένη Μοίρα και Σπυρίδων Παρθένης.  
260 |a Αθήνα :   |b Ανοικτή Βιβλιοθήκη,   |c c2011.  
300 |a xvi, 264 σ. :   |b πίν., φωτ. ;   |c 24 εκ.  
504 |a Βιβλιογραφία: σ. 229-244. Ευρετήριο: σ. 257-262.  
650 0 |a Tourism  |z Greece. 
650 0 |a Tourism  |z Europe. 
650 0 |a Heritage tourism  |z Greece. 
650 0 |a Industrial tours. 
650 0 |a Heritage tourism  |z Europe. 
852 |a INST  |b CHIOS  |c EUDOXUS  |e 20210607  |h 338.4791 ΜΟΙ  |p 005200039723  |q 005200039723  |t EDX  |y 0 
852 |a INST  |b CHIOS  |c EUDOXUS  |e 20210607  |h 338.4791 ΜΟΙ  |p 005200039724  |q 005200039724  |t EDX  |y 0 
920 |a Εύδοξος  |b Παραγγελία  |y Χίος-ΤΟΔΙΤ  |z 2021-06 
970 |a Σπέντζα  |b Ελένη  |z 07-06-2021